| 000 -LEADER |
| fixed length control field |
02960cam a2200337 a 4500 |
| 001 - CONTROL NUMBER |
| control field |
14622413 |
| 003 - CONTROL NUMBER IDENTIFIER |
| control field |
Nust |
| 005 - DATE AND TIME OF LATEST TRANSACTION |
| control field |
20170424150648.0 |
| 008 - FIXED-LENGTH DATA ELEMENTS--GENERAL INFORMATION |
| fixed length control field |
061103s2007 nyu b 000 0 eng |
| 010 ## - LIBRARY OF CONGRESS CONTROL NUMBER |
| LC control number |
2006036954 |
| 020 ## - INTERNATIONAL STANDARD BOOK NUMBER |
| International Standard Book Number |
9780670038657 |
| 020 ## - INTERNATIONAL STANDARD BOOK NUMBER |
| International Standard Book Number |
0670038652 |
| 035 ## - SYSTEM CONTROL NUMBER |
| System control number |
(OCoLC)ocm76064652 |
| 035 ## - SYSTEM CONTROL NUMBER |
| System control number |
(OCoLC)76064652 |
| 040 ## - CATALOGING SOURCE |
| Original cataloging agency |
DLC |
| Transcribing agency |
DLC |
| Modifying agency |
BAKER |
| -- |
BTCTA |
| -- |
C#P |
| -- |
MLY |
| -- |
YDXCP |
| -- |
BUR |
| -- |
DLC |
| 050 00 - LIBRARY OF CONGRESS CALL NUMBER |
| Classification number |
PR9369.3.C58 |
| Item number |
I66 2007 |
| 082 00 - DEWEY DECIMAL CLASSIFICATION NUMBER |
| Classification number |
809 COE |
| Edition number |
22 |
| 100 1# - MAIN ENTRY--PERSONAL NAME |
| Personal name |
Coetzee, J. M., |
| Dates associated with a name |
1940- |
| 245 10 - TITLE STATEMENT |
| Title |
Inner workings : |
| Remainder of title |
literary essays, 2000-2005 / |
| Statement of responsibility, etc. |
J.M. Coetzee ; with an introduction by Derek Attridge. |
| 250 ## - EDITION STATEMENT |
| Edition statement |
1st American ed. |
| 260 ## - PUBLICATION, DISTRIBUTION, ETC. |
| Place of publication, distribution, etc. |
New York : |
| Name of publisher, distributor, etc. |
Viking, |
| Date of publication, distribution, etc. |
2007. |
| 300 ## - PHYSICAL DESCRIPTION |
| Extent |
xiv, 304 p. ; |
| Dimensions |
23 cm. |
| 504 ## - BIBLIOGRAPHY, ETC. NOTE |
| Bibliography, etc. note |
Includes bibliographical references (p. 292-304). |
| 505 0# - FORMATTED CONTENTS NOTE |
| Formatted contents note |
Italo Svevo -- Robert Walser -- Robert Musil, The confusions of young Törless-- Walter Benjamin, the Arcades Project -- Bruno Schulz -- Joseph Roth, the stories -- Sándor Márai -- Paul Celan and his translators -- Günter Grass and the Wilhelm Gustloff -- W. G. Sebald, After nature -- Hugo Claus, poet -- Graham Greene, Brighton Rock -- Samuel Beckett, the short fiction -- Walt Whitman -- William Faulkner and his biographers -- Saul Bellow, the early novels -- Arthur Miller, The misfits -- Philip Roth, The plot against America -- Nadine Gordimer -- Gabriel García Márquez, Memories of my melancholy whores -- V. S. Naipaul, Half a life. |
| 520 ## - SUMMARY, ETC. |
| Summary, etc. |
A new collection of essays and literary criticism from the Nobel Prize winner. In addition to being one of the most acclaimed and accomplished fiction writers in the world, Coetzee is also a literary critic of the highest caliber. As Derek Attridge observes in his introduction, reading Coetzee's nonfiction offers one the opportunity to see "how an author at the forefront of his profession engages with his peers, not as a critic from the outside, but as one who works with the same raw materials." In this collection of twenty recent pieces, Coetzee examines the work of some of the twentieth century's greatest writers. Insightful, challenging, yet accessible, these essays demonstrate Coetzee's sharp eye and unwavering critical acumen and will be of interest to his fans as well as to all readers of international literature.--From publisher description. |
| 650 #0 - SUBJECT ADDED ENTRY--TOPICAL TERM |
| Topical term or geographic name entry element |
Literature |
| General subdivision |
History and criticism. |
| 856 41 - ELECTRONIC LOCATION AND ACCESS |
| Materials specified |
Table of contents only |
| Uniform Resource Identifier |
<a href="http://www.loc.gov/catdir/toc/ecip074/2006036954.html">http://www.loc.gov/catdir/toc/ecip074/2006036954.html</a> |
| 856 42 - ELECTRONIC LOCATION AND ACCESS |
| Materials specified |
Publisher description |
| Uniform Resource Identifier |
<a href="http://www.loc.gov/catdir/enhancements/fy0743/2006036954-d.html">http://www.loc.gov/catdir/enhancements/fy0743/2006036954-d.html</a> |
| 856 42 - ELECTRONIC LOCATION AND ACCESS |
| Materials specified |
Contributor biographical information |
| Uniform Resource Identifier |
<a href="http://www.loc.gov/catdir/enhancements/fy0743/2006036954-b.html">http://www.loc.gov/catdir/enhancements/fy0743/2006036954-b.html</a> |
| 906 ## - LOCAL DATA ELEMENT F, LDF (RLIN) |
| a |
7 |
| b |
cbc |
| c |
orignew |
| d |
1 |
| e |
ecip |
| f |
20 |
| g |
y-gencatlg |
| 942 ## - ADDED ENTRY ELEMENTS (KOHA) |
| Source of classification or shelving scheme |
|
| Koha item type |
Book |